| 000 | 00643pam a2200229 a 4500 | ||
|---|---|---|---|
| 001 | 3246356 | ||
| 005 | 20180205082222.0 | ||
| 008 | 810402s1981 nyua b 001 0 eng | ||
| 010 | _a 80069686 | ||
| 020 | _a0814457010 | ||
| 040 |
_aDLC _cDLC _dDLC |
||
| 041 | _aeng | ||
| 043 | _an-us--- | ||
| 080 | _a338.060973 BUE | ||
| 082 | 0 | 0 |
_a338.060973 BUE _219 |
| 100 | _a54 | ||
| 101 | _aMEN | ||
| 245 | 0 | 0 |
_aProductivity improvement : _ceditors, Vernon M. Buehler, Y. Krishna Shetty. |
| 504 | _aBibliography: p. [257]-266. | ||
| 906 |
_a7 _bcbc _corignew _d1 _eopcn _f19 _gy-gencatlg |
||
| 942 |
_2ddc _cBK |
||
| 999 |
_c41806 _d41806 |
||